Statistics for Former Country Names

Click here to take the quiz!

General Stats

  • This quiz has been taken 290 times
    (240 since last reset)
  • The average score is 14 of 22

Answer Stats

Former NameCountry% Correct
PersiaIran
97%
SiamThailand
93%
MesopotamiaIraq
91%
BurmaMyanmar
91%
CeylonSri Lanka
86%
Southern RhodesiaZimbabwe
85%
ZaireDemocratic Republic of Congo
84%
MoldaviaMoldova
84%
South-West AfricaNamibia
80%
Northern RhodesiaZambia
80%
AbyssiniaEthiopia
78%
GaulFrance
74%
TanganyikaTanzania
74%
KampucheaCambodia
69%
FormosaTaiwan
65%
Upper VoltaBurkina Faso
52%
TonkinVietnam
40%
ChosonKorea
36%
CyrenaicaLibya
25%
NumidiaAlgeria
21%
Sudanese RepublicMali
21%
Banda OrientalUruguay
6%

Score Distribution

Percentile by Number Answered

Percent of People with Each Score

Your Score History

You have not taken this quiz since the last reset